The craft of sermon construction. (Record no. 11537)

000 -LEADER
fixed length control field 00695nam a2200205 a 4500
001 - CONTROL NUMBER
control field :::00009336$&:&@@
003 - CONTROL NUMBER IDENTIFIER
control field OkBaRHE
005 - DATE AND TIME OF LATEST TRANSACTION
control field 20000607103350.0
008 - FIXED-LENGTH DATA ELEMENTS--GENERAL INFORMATION
fixed length control field s1951 j 000 0 eng u
040 ## - CATALOGING SOURCE
Transcribing agency
100 1# - MAIN ENTRY--PERSONAL NAME
Personal name Sangster, William Edwin, 1900-1960.
245 14 - TITLE STATEMENT
Title The craft of sermon construction.
260 ## - PUBLICATION, DISTRIBUTION, ETC. (IMPRINT)
Place of publication, distribution, etc Grand Rapids, MI., :
Name of publisher, distributor, etc Baker Book House
Date of publication, distribution, etc c1951
300 ## - PHYSICAL DESCRIPTION
Extent 208 p. ;
Dimensions 21 cm.
650 ## - SUBJECT ADDED ENTRY--TOPICAL TERM
Topical term or geographic name as entry element Homiletics
650 ## - SUBJECT ADDED ENTRY--TOPICAL TERM
Topical term or geographic name as entry element Sermon Preparation
942 ## - ADDED ENTRY ELEMENTS (KOHA)
Source of classification or shelving scheme
Koha item type Books
Copies
Lost status Damaged status Withdrawn status Shelving location Not for loan Copy number Barcode Source of classification or shelving scheme Full call number Date acquired Koha item type Permanent Location Price effective from Date last seen
   General Stacks 19336 BV 4211 .S242010-04-14BooksRHEMA Bible Training College2010-04-142010-04-14
   General Stacks 216241 BV 4211 .S242010-04-14BooksRHEMA Bible Training College2010-04-142010-04-14